000 00905nam a2200205Ia 4500
001 9930
003 GE_BSU
008 181216s||||||||xx |||||||||||||| ||und||
040 _cGE_BSU
080 _a821.353.1–82
245 _aმზე ღრუბლებში. კრებული,მიძღვილი ქალთა მსოფლიო კონგრესისადმი
245 _cსარედ. კოლ.თ.აბაშმაძე და სხვ.რედ. ნ.ჟღენტი.თ.გიგაური
260 _aთბილისი
260 _bსაბჭოთა საქართველო
260 _c1963
300 _a151გვ.21სმ.
653 _aკრებული,მიძღვილი ქალთა მსოფლიო კონგრესისადმი
653 _aმზე ღრუბლებში
942 _cBK
999 _c43205
_d43205